Vzory správania a motivácia zahraničných investorov

Obsahové vymedzenie priamej investície. Typológia investícií. Vzory správania sa zahraničných investorov. Vplyvy na ekonomiku poskytujúcu a na ekonomiku prijímajúcu PZI. Faktory odrádzajúce investorov. Trendy v tokoch PZI a ich využitie v prospech tranzitívnych ekonomík.

Gespeichert in:
Bibliographische Detailangaben
1. Verfasser: Knapik, Peter
Weitere Verfasser: Hansenová, Heda
Format: Buchkapitel
Sprache:Slowakisch
Schlagworte:
Tags: Tag hinzufügen
Keine Tags, Fügen Sie das erste Tag hinzu!

MARC

LEADER 00000naa a2200000 4500
001 r048922
005 20230918082338.6
041 0 |a slo 
044 |a SK 
245 1 0 |a Vzory správania a motivácia zahraničných investorov  |c Peter Knapik, Heda Hansenová 
520 |a Obsahové vymedzenie priamej investície. Typológia investícií. Vzory správania sa zahraničných investorov. Vplyvy na ekonomiku poskytujúcu a na ekonomiku prijímajúcu PZI. Faktory odrádzajúce investorov. Trendy v tokoch PZI a ich využitie v prospech tranzitívnych ekonomík. 
610 2 0 |a investície priame zahraničné 
610 2 0 |a investori 
610 2 0 |a transformácia 
610 2 0 |a transformácia podniku 
610 2 0 |a reštrukturalizácia 
610 2 0 |a trh 
610 2 0 |a fúzie 
610 2 0 |a investovanie 
100 1 |a Knapik, Peter 
700 1 |a Hansenová, Heda